Thiết bị điện dùng trong gia đình
সংরক্ষণ করুন:
| প্রধান লেখক: | |
|---|---|
| বিন্যাস: | গ্রন্থ |
| ভাষা: | Vietnamese |
| প্রকাশিত: |
H.
Công nhân kỹ thuật
1984
|
| বিষয়গুলি: | |
| ট্যাগগুলো: |
ট্যাগ যুক্ত করুন
কোনো ট্যাগ নেই, প্রথমজন হিসাবে ট্যাগ করুন!
|
| Thư viện lưu trữ: | Trung tâm Học liệu Lê Vũ Hùng, Trường Đại học Đồng Tháp |
|---|
| LEADER | 00783pam a22002418a 4500 | ||
|---|---|---|---|
| 001 | 00024914 | ||
| 005 | 20171026081025.0 | ||
| 008 | 110725s1984 ||||||viesd | ||
| 041 | 0 | # | |a vie |
| 082 | 1 | 4 | |a 621.3 |b TH308B |
| 100 | 0 | # | |a Trần Nhật Tân |
| 245 | 0 | 0 | |a Thiết bị điện dùng trong gia đình |c Trần Nhật Tân |
| 260 | # | # | |a H. |b Công nhân kỹ thuật |c 1984 |
| 300 | # | # | |a 279tr. |b hình vẽ |c 19 cm. |
| 650 | # | 4 | |a Mạch điện |
| 650 | # | 4 | |a Vô tuyến |
| 650 | # | 4 | |a Tủ lạnh |
| 650 | # | 4 | |a Nguồn điện |
| 650 | # | 4 | |a Thiết bị điện |
| 852 | # | # | |j KD.0010307 |
| 852 | # | # | |b Kho đọc |j KD.0010307 |
| 910 | 0 | # | |a Ntuyet |d 25/07/2011 |
| 980 | # | # | |a Trung tâm Học liệu Lê Vũ Hùng, Trường Đại học Đồng Tháp |